000 00254nam a2200097Ia 4500
008 240331s9999 xx 000 0 und d
082 _bDES
100 _aDe Silva, K.M
245 0 _aRegional powers and small state security :
_bIndia and Sri Lanka
942 _cL
999 _c2584
_d2584